000 01234nam2a2200289 4500
001 RU\NLR\bibl\124002
005 20260406060315.0
010 _a5-87245-054-0
_91000
021 _aRU
_b2000-32976
_91539
035 _a(NLR Aleph) 000121448
090 _a691736
_c691736
100 _a20001215d1999 |||y0rusy50 ca
101 1 _arus
_cgrc
102 _aRU
105 _ay |||||||||
200 1 _aЛогические и физические фрагменты
_eфрагменты 1-521
_fХрисипп из Сол
_zgre
215 _aVIII, 280 c.
300 _aЗагл. ориг.: Chrisippi fragmenta logica et physica
320 _aБиблиогр. в подстроч. примеч
461 0 _1001RU\NLR\bibl\124734
_12001#$aФрагменты ранних стоиков$vТ. 2, ч. 1
_9695957
_cМ.
_d1998
_fИн-т философии Рос. акад. наук
_nГЛК Ю.А. Шичалина
_tФрагменты ранних стоиков
_vТ. 2, ч. 1
702 0 _4570
_7ca
_8rus
_aХрисипп из Сол
_fок.280-ок.205 до н.э.
_9120325
_3RU\NLR\auth\7710557
801 0 _aRU
_bNLR
_c20001215
_gPSBO
801 1 _aRU
_bNLR
_c20001215
852 _aNLR
_j2000-5/3836
942 _cBOOK
980 _aNB